Congresso em nm︢eros a produȯ̂ legislativa do Brasil de 1988 a 2017 /

Bibliographic Details
Main Author: Rodrigo, Vianna
Other Authors: Franȧ, Sřgio, Thas̕, Mesquita
Format: eBook
Language:Portuguese
Published: Rio de Janeiro: FGV - Direito Rio, 2018
Subjects:
Online Access:Acceso restringido

MARC

LEADER 00000nam a22000007a 4500
005 20180720005016.0
007 cr|||| ||||
008 180720s2018 br |||||s|||| 00||0 por d
020 |a 978-85-9597-017-5 
035 |a 21857 
040 |a vLex 
090 |c 8066  |d 8066 
100 1 |a Rodrigo, Vianna 
245 1 0 |a Congresso em nm︢eros  |h [Recurso electrn̤ico] :  |b a produȯ̂ legislativa do Brasil de 1988 a 2017 /  |c Vianna Rodrigo, Sřgio Franȧ, Mesquita Thas̕ 
256 |a Servicio en ln̕ea 
260 |a Rio de Janeiro:  |b FGV - Direito Rio,  |c 2018 
300 |a 1 recurso electrn̤ico 
506 1 |a Disponible solo en los productos indicados  |d vLex Global  |d vLex Global (Academic Edition, excluding Law Schools)  |d vLex Global (U.S. Academic Edition, Law Schools)  |d vLex Global (U.S. Academic Edition, excluding Law Schools)  |d vLex Global (Academic Edition, Law Schools) 
650 0 4 |a Derecho Pb︢lico y Administrativo  |z Brasil 
700 1 |a Franȧ, Sřgio 
700 1 |a Thas̕, Mesquita 
740 0 |a vLex Libros (Servicio en ln̕ea) 
856 4 0 |u http://vlex.com/source/congresso-numeros-produ-o-legislativa-brasil-1988-2017-21857  |z Acceso restringido 
942 |c BOOK 
999 0 |a Public and Administrative Law